000 00283nam a2200121Ia 4500
008 190216s9999||||xx |||||||||||||| ||und||
100 _aSaid Muhammed
245 0 _aKerala Muslim Charithram
260 _bAmina Book Stall
300 _a224
650 _aIslamic History
942 _cBK
999 _c22625
_d22625